Economics : the basics
This textbook presents the basics of economics with the intention of developing students' economic literacy and focusing on translating economics into an easily understood language. Economics is the social science that studies the production, distribution, and consumption of goods and services....
Guardado en:
| Autor principal: | |
|---|---|
| Otros Autores: | |
| Formato: | Libro |
| Publicado: |
Boston :
McGraw-Hill Irwin,
©2009.
|
| Materias: | |
| Etiquetas: |
Agregar Etiqueta
Sin Etiquetas, Sea el primero en etiquetar este registro!
|
MARC
| LEADER | 00000nam a2200000 4500 | ||
|---|---|---|---|
| 005 | 20251003143447.0 | ||
| 020 | |a 9780073523118 |c TZS 10,000/= | ||
| 040 | |a MCCL |b eng. |e AACR 2end rev.ed. | ||
| 082 | |a 330 MAN | ||
| 100 | |a Mandel Michael J. | ||
| 245 | |a Economics : the basics |c / Michael J. Mandel | ||
| 260 | |a Boston : |b McGraw-Hill Irwin, |c ©2009. | ||
| 300 | |a xxi, 481 [42] p. : |b col. ill. ; |c 26 cm. | ||
| 504 | |a Includes index. | ||
| 505 | |a Introduction Demand and supply : the basics of the market economy Market equilibrium and shifts How businesses work Competition and market power Government and the economy The first step into macroeconomics Inflation Growth Business cycles, unemployment, and inflation FIscal policy The financial markets The international trade Technological change Economics of the labor market The distribution of income Delving deeper into microeconomics Delving deeper into macroeconomics Economics of retirement and health care Economics of energy, the environment, and global climate change | ||
| 520 | |a This textbook presents the basics of economics with the intention of developing students' economic literacy and focusing on translating economics into an easily understood language. Economics is the social science that studies the production, distribution, and consumption of goods and services. In addition to presenting the basic tools of economics, this volume covers the fundamentals of the markets and the 21st century global market economy. In a market, buyers and sellers come together -- not necessarily in the same place -- to voluntarily exchange goods and services for money. The author also demonstrates the ways in which the possibilities of today's economy are expanding. He explains why businesses are limited in what they can produce by technology and by their past investments in factories, processes, and materials and why whole countries remain poor and thus limited in their economic capabilities | ||
| 546 | |a eng. | ||
| 650 | |a Economics | ||
| 700 | |a Mandel Michael J | ||
| 942 | |c BK | ||
| 999 | |c 11744 |d 11744 | ||